000 00952nam a2200241 a 4500
001 000012151
005 20260312135133.0
008 091106s2009 dr 001 0 spa d
040 _aDO-SdBNP
_bspa
_cBNPHU
082 _a345.0254
_bC348a
100 1 _aCastellanos Estrella, Víctor José
_911866
245 1 0 _aAspectos civiles de la restitución internacional de personas menores de edad /
_cVíctor José Castellanos Estrella.
260 _aSanto Domingo :
_bCorripio,
_c2009.
300 _a747 p. ;
_c23 cm.
504 _aIncluye bibliografía y notas al pie de páginas.
590 _aInventariado,2018/DG
650 4 _aMenores
_zRepública Dominicana
_916468
650 4 _aSecuestro paterno
_xLegislación
_zRepública Dominicana
_928718
650 0 _aCustodia de niños
_928719
650 4 _aRestitución
_928720
650 4 _aNiños
_xEstado legal, legislación, etc.
_zRepública Dominicana
_928721
910 _aValidado. Control de calidad EMS
999 _c11816
_d11816